<?xml version="1.0" encoding="UTF-8"?>
<marc:record xmlns:marc="http://www.loc.gov/MARC21/slim">
   <marc:leader>00000nam a2200000 a 4500</marc:leader>
   <marc:datafield ind1="1" ind2=" " tag="100">
      <marc:subfield code="a">Hanske, Paul-Philipp</marc:subfield>
      <marc:subfield code="4">aut</marc:subfield>
      <marc:subfield code="e">Verfasser/-in</marc:subfield>
   </marc:datafield>
   <marc:datafield ind1="1" ind2=" " tag="100">
      <marc:subfield code="a">Sarreiter, Benedikt</marc:subfield>
      <marc:subfield code="4">aut</marc:subfield>
      <marc:subfield code="e">Verfasser/-in</marc:subfield>
   </marc:datafield>
   <marc:datafield ind1=" " ind2=" " tag="653">
      <marc:subfield code="a">Geschichte</marc:subfield>
   </marc:datafield>
   <marc:datafield ind1=" " ind2=" " tag="653">
      <marc:subfield code="a">Halluzinogen</marc:subfield>
   </marc:datafield>
   <marc:datafield ind1=" " ind2=" " tag="653">
      <marc:subfield code="a">Psychedelische Erfahrung</marc:subfield>
   </marc:datafield>
   <marc:datafield ind1=" " ind2=" " tag="653">
      <marc:subfield code="a">Drogenkonsum</marc:subfield>
   </marc:datafield>
   <marc:datafield ind1=" " ind2=" " tag="653">
      <marc:subfield code="a">Gesellschaft</marc:subfield>
   </marc:datafield>
   <marc:datafield ind1=" " ind2=" " tag="653">
      <marc:subfield code="a">Wirtschaft/Gesellschaft</marc:subfield>
   </marc:datafield>
   <marc:datafield ind1="0" ind2="0" tag="245">
      <marc:subfield code="a">Neues von der anderen Seite</marc:subfield>
   </marc:datafield>
   <marc:datafield ind1="0" ind2="0" tag="245">
      <marc:subfield code="b">die Wiederentdeckung des Psychedelischen</marc:subfield>
   </marc:datafield>
   <marc:datafield ind1="0" ind2="0" tag="245">
      <marc:subfield code="c">Paul-Philipp Hanske/Benedikt Sarreiter</marc:subfield>
   </marc:datafield>
   <marc:datafield ind1=" " ind2="1" tag="264">
      <marc:subfield code="a">Berlin</marc:subfield>
      <marc:subfield code="b">Suhrkamp</marc:subfield>
      <marc:subfield code="c">2015</marc:subfield>
   </marc:datafield>
   <marc:datafield ind1="1" ind2=" " tag="490">
      <marc:subfield code="a">Edition Suhrkamp : Sonderdruck</marc:subfield>
   </marc:datafield>
   <marc:datafield ind1=" " ind2=" " tag="250">
      <marc:subfield code="a">Orig.-Ausg., 1. Aufl.</marc:subfield>
   </marc:datafield>
   <marc:datafield ind1="1" ind2=" " tag="520">
      <marc:subfield code="a">Angaben aus der Verlagsmeldung

Neues von der anderen Seite : Die Wiederentdeckung des Psychedelischen / von Paul-Philipp Hanske, Benedikt Sarreiter

Ende der siebziger Jahre zeigte sich Albert Hofmann schwer enttäuscht vom Schicksal der von ihm entdeckten »Wunderdroge«: LSD – mein Sorgenkind lautete der Titel des damals erschienenen Erinnerungsbuchs. Hatte man die Substanz noch in den sechziger Jahren als Königsweg zur Erkundung der Psyche gefeiert, folgte bald der Rückschlag: Halluzinogene wurden flächendeckend verboten, ein Effekt des »War on Drugs«.

Heute scheint das Tabu zu bröckeln: Weltweit wird über die Legalisierung von Marihuana diskutiert; junge Menschen pilgern an den Amazonas, um sich mit Ayahuasca auf Jenseitsreise zu begeben; Mediziner erforschen das therapeutische Potenzial von MDMA oder der Pilzdroge Psilocybin; selbst im Mainstream-Kino wird an den Pforten der Wahrnehmung gerüttelt.

Die Autoren beleuchten die Renaissance des Psychedelischen aus unterschiedlichen Perspektiven, sprechen mit Hirnforschern, Usern und Juristen. Sie befassen sich mit dem Menschheitsthema Rausch und erklären, warum ihm kein Verbot einen Riegel vorschieben wird.
</marc:subfield>
   </marc:datafield>
   <marc:datafield ind1=" " ind2=" " tag="020">
      <marc:subfield code="a">9783518071212</marc:subfield>
      <marc:subfield code="9">9783518071212</marc:subfield>
   </marc:datafield>
   <marc:datafield ind1=" " ind2=" " tag="020">
      <marc:subfield code="a">3518071211</marc:subfield>
      <marc:subfield code="9">3518071211</marc:subfield>
   </marc:datafield>
   <marc:datafield ind1=" " ind2=" " tag="041">
      <marc:subfield code="a">ger</marc:subfield>
   </marc:datafield>
   <marc:datafield ind1=" " ind2=" " tag="300">
      <marc:subfield code="a">327 S.</marc:subfield>
   </marc:datafield>
</marc:record>
